00150 a2200073 450000100030000010000050000324500360000826000320004443 a aCalculus with analytic geometry aUSAbSaunders Collegec1985